=LDR 00000nam 2200000 4500 =001 INLIS000000000810180 =005 20251106011619 =035 ##$$a 0010-1125000034 =245 ##$$a Islamic Parenting Pendidikan Anak Metode Nabi /$c Syaikh Jamal Abdurrahman =250 ##$$a Cet. 6 =260 ##$$a Solo :$b Aqwam =082 ##$$a 297.57 =084 ##$$a 297.57 ABD i =020 ##$$a 9789790390874